000 00228 a2200097 4500
001 23994
100 _aBruning, J.L
245 _aComputational handbook of statistics
260 _a
_bScdt, forasmon
_c1968
090 _c16236
_d16236
942 _aNUST-CAE
_cM
_c6932
999 _c259067
_d259067